Innovations in agent-based complex automated negotiations / (Record no. 32954)

000 -LEADER
fixed length control field 01399cam a22003737a 4500
001 - CONTROL NUMBER
control field 8570564
003 - CONTROL NUMBER IDENTIFIER
control field OSt
005 - DATE AND TIME OF LATEST TRANSACTION
control field 20210903120012.0
006 - FIXED-LENGTH DATA ELEMENTS--ADDITIONAL MATERIAL CHARACTERISTICS
fixed length control field m d
007 - PHYSICAL DESCRIPTION FIXED FIELD--GENERAL INFORMATION
fixed length control field cr n
008 - FIXED-LENGTH DATA ELEMENTS--GENERAL INFORMATION
fixed length control field 100927s2010 gw a sb 001 0 eng d
020 ## - INTERNATIONAL STANDARD BOOK NUMBER
International Standard Book Number 9783642156113
035 ## - SYSTEM CONTROL NUMBER
System control number (WaSeSS)ssj0000449693
038 ## - RECORD CONTENT LICENSOR
Staff Name khadija
040 ## - CATALOGING SOURCE
Original cataloging agency BTCTA
Language of cataloging eng
Transcribing agency BTCTA
Modifying agency YDXCP
-- OHX
-- TXH
-- DLC
-- WaSeSS
042 ## - AUTHENTICATION CODE
Authentication code lccopycat
050 #4 - LIBRARY OF CONGRESS CALL NUMBER
Classification number QA76.76.I58
Item number I366 2010
082 ## - DEWEY DECIMAL CLASSIFICATION NUMBER
Classification number 006.3
Author Mark INN
210 10 - ABBREVIATED TITLE
Abbreviated title Innovations in agent-based complex automated negotiations
245 00 - TITLE STATEMENT
Title Innovations in agent-based complex automated negotiations /
Statement of responsibility, etc. Takayuki Ito ... [et al.]
260 ## - PUBLICATION, DISTRIBUTION, ETC.
Place of publication, distribution, etc. Berlin :
Name of publisher, distributor, etc. Springer Verlag,
Date of publication, distribution, etc. 2010.
490 1# - SERIES STATEMENT
Series statement Studies in computational intelligence ;
Volume/sequential designation v. 319
504 ## - BIBLIOGRAPHY, ETC. NOTE
Bibliography, etc. note Includes bibliographical references and index.
506 ## - RESTRICTIONS ON ACCESS NOTE
Terms governing access License restrictions may limit access.
563 ## - BINDING INFORMATION
Binding note hardcover
650 #0 - SUBJECT ADDED ENTRY--TOPICAL TERM
Topical term or geographic name entry element Intelligent agents (computer software)
9 (RLIN) 18523
650 #0 - SUBJECT ADDED ENTRY--TOPICAL TERM
Topical term or geographic name entry element Multiagent systems.
9 (RLIN) 18134
700 1# - ADDED ENTRY--PERSONAL NAME
Personal name Ito, Takayuki,
Dates associated with a name 1972-
9 (RLIN) 82119
773 #0 - HOST ITEM ENTRY
Title SpringerLink ebooks - Engineering (2011)
830 #0 - SERIES ADDED ENTRY--UNIFORM TITLE
Uniform title Studies in computational intelligence ;
Volume/sequential designation v. 319.
9 (RLIN) 81268
856 40 - ELECTRONIC LOCATION AND ACCESS
Uniform Resource Identifier <a href="http://www.columbia.edu/cgi-bin/cul/resolve?clio8570564">http://www.columbia.edu/cgi-bin/cul/resolve?clio8570564</a>
Public note Full text available from SpringerLink ebooks - Engineering (2011)
910 ## - USER-OPTION DATA (OCLC)
User-option data Library of Congress record
942 ## - ADDED ENTRY ELEMENTS (KOHA)
Source of classification or shelving scheme
Koha item type Book
Holdings
Withdrawn status Lost status Source of classification or shelving scheme Damaged status Not for loan Permanent Location Current Location Shelving location Date acquired Full call number Barcode Date last seen Price effective from Koha item type Public note
          School of Mechanical & Manufacturing Engineering (SMME) School of Mechanical & Manufacturing Engineering (SMME) General Stacks 12/15/2015 006.3 INN SMME-1870 03/29/2018 12/15/2015 Book Rack,52-Shelf,2
© 2023 Central Library, National University of Sciences and Technology. All Rights Reserved.